| 000 | 00670cam a22001217a 4500 | ||
|---|---|---|---|
| 008 | 180718b-- xxu||||| |||| 00| 0 eng d | ||
| 082 | _aA42x54 In2/39wdb | ||
| 100 | _aBengal. legislative department | ||
| 245 | _aDefence legislation manual (Bengal) | ||
| 260 |
_aAlipore _bThe author _c-- |
||
| 300 | _a3 Parts | ||
| 500 | _aLibrary has pt.1. The defence of India act, 1939, and (amending cordinances with the rules and orders made thereunder. 1947. 936p; Pt. 2. Rules and orders made under the defence of India rules 1951. 663p; Pt. 3. certain central acts and ordinances relating to the defence of India during the period 1939 to 1945, with rules and orders made thereunder | ||
| 999 |
_c379268 _d379268 |
||